000 00273nam a22001337a 4500
008 180115b xxu||||| |||| 00| 0 eng d
020 _a0822014335
041 _aeng
080 _a82
100 _a21
101 _aGJL
245 _aOthello
_cLowers,J.K
942 _2udc
_cBK
999 _c40233
_d40233